Statistics for World Capitals By Letter - B

Click here to take the quiz!

General Stats

  • This quiz has been taken 29,290 times
    (13,069 since last reset)
  • The average score is 16 of 26

Answer Stats

Country Capital City % Correct
BrazilBrasilia
88%
GermanyBerlin
86%
ColombiaBogotá
85%
BelgiumBrussels
84%
ArgentinaBuenos Aires
82%
HungaryBudapest
80%
RomaniaBucharest
79%
SwitzerlandBern
77%
ChinaBeijing
76%
SlovakiaBratislava
71%
SerbiaBelgrade
70%
ThailandBangkok
70%
IraqBaghdad
65%
LebanonBeirut
59%
BelizeBelmopan
56%
AzerbaijanBaku
55%
BarbadosBridgetown
51%
MaliBamako
50%
KyrgyzstanBishkek
47%
Congo (Rep.)Brazzaville
46%
BruneiBandar Seri Begawan
43%
GambiaBanjul
40%
Central African RepublicBangui
40%
South AfricaBloemfontein
39%
St. Kitts & NevisBasseterre
35%
Guinea-BissauBissau
33%

Score Distribution

Percentile by Number Answered

Percent of People with Each Score

Your Score History

You have not taken this quiz since the last reset